Personnages Ghibli - Statistiques

Statistiques générales
  • Ce quiz a été pris 32 fois
  • Le résultat moyen est 8 sur 16
Statistiques - réponses
Par images Réponse % Correct
Chihiro
89%
Ponyo
86%
Calcifer
82%
Sophie
68%
Hauru
61%
Ashitaka
54%
Mei
43%
Yubaba
43%
Pazu
39%
Haku
36%
Sheeta
36%
Satsuki
29%
Sosuke
29%
Marco
25%
Dora
21%
Fujimoto
18%
Aucun quiz correspondant
Distribution des résultats
% des personnes avec chaque résultat
Percentile par nombre de réponses
Votre historique - résultats
Vous n’avez pas pris ce quiz